| 000 | 00701nam a22001937a 4500 | ||
|---|---|---|---|
| 003 | OSt | ||
| 005 | 20220914175428.0 | ||
| 008 | 220914b |||||||| |||| 00| 0 eng d | ||
| 040 | _cBiblioteca Lado V | ||
| 082 |
_a750.7 _bF356t |
||
| 110 | _aFeria de arte latiniamericano en Miami | ||
| 245 |
_aThe Catalog 2003/ _bColección de artistas Latinoamericanos/ |
||
| 260 |
_aMiami _bMerrill Lynch _c2003 |
||
| 300 |
_a88p. _bContiene imágenes a color _c22x28cm |
||
| 650 |
_2Tesauro de Arte & Arquitectura _aCATALOGO |
||
| 650 |
_2Tesauro de Arte & Arquitectura _aARTE LATINOAMERICANO |
||
| 650 |
_2Tesauro de Arte & Arquitectura _aARTE MODERNO |
||
| 942 |
_2ddc _c1 _h750.7 _iF356t _n0 |
||
| 999 |
_c2009 _d2009 |
||